| 000 | 00389nam a2200145Ia 4500 | ||
|---|---|---|---|
| 008 | 230917s9999||||xx |||||||||||||| ||und|| | ||
| 040 |
_e64158 _aMAIN |
||
| 041 | _aEnglish | ||
| 082 | _a589.4 H241P | ||
| 100 | _aHarris, Graham P | ||
| 245 | 0 | _aPhytoplankton ecology: structure function and fluctiuation | |
| 260 |
_aLondon _bChapman and Hall _c1986 |
||
| 300 | _axi, 384 p. | ||
| 942 | _cBK | ||
| 999 |
_c68873 _d68873 |
||